[Event "11th American Continental Women 2018"]
[Site "Envigado"]
[Date "2018.11.17"]
[Round "1.10"]
[White "Cosme Contreras, Trilce"]
[Black "Aliaga Fernandez, Ingrid Y"]
[Result "1/2-1/2"]
[WhiteElo "1829"]
[BlackElo "2194"]
[Annotator "TA"]
[PlyCount "90"]
[EventDate "2018.11.17"]
[EventType "swiss"]
[EventRounds "9"]
[EventCountry "COL"]
[SourceTitle "playchess.com"]
[Source "ChessBase"]
[SourceQuality "1"]

{[%evp 25,90,-19,15,8,10,5,12,0,3,0,21,20,16,18,40,47,43,47,52,45,74,62,67,53,65,60,144,25,233,39,37,43,68,18,70,39,87,80,76,71,111,80,90,50,72,88,78,66,85,75,77,43,88,60,62,29,175,175,169,168,182,167,186,181,175,170,191]} 1. d4 d5 2. c4 e6 3. Nc3 Nf6 4. Bg5 {[%cal Bc1g5,Bg5h4,Bh4g3][%mdl 32]} Be7 5. e3 O-O 6. Nf3 h6 7. Bh4 Ne4 8. Bg3 b6 9. Be2 Bb7 10. cxd5 exd5 11. O-O Nxg3 12. hxg3 Nd7 13. Rc1 a6 14. Qb3 {D58: Queen's Gambit Declined: Tartakower Defence} Nf6 (14... c6 15. Rfd1 Bd6 16. e4 dxe4 17. Nxe4 Bc7 18. Nc5 Bc8 19. Nxd7 Bxd7 20. d5 c5 21. d6 Bb8 {0-1 (63) Kaiser,W (2410)-Hedke,F (2370) Germany 1995}) 15. Ne5 Qd6 $146 ({Predecessor:} 15... Bd6 16. Bf3 c6 17. Na4 Bxe5 18. dxe5 {0-1 (35) Mahmoud,A (2166)-De Silva,N (2230) Aden 2002}) 16. Bf3 {The position is equal.} Rab8 17. Na4 {[%cal Bc3a4,Ba4b2,Bb2d3,Bd3e5][%mdl 32]} Ba8 18. Qc3 Rbc8 19. Nc6 Bd8 20. b3 Bb7 21. Nb2 Ne4 22. Qc2 $1 Nf6 23. Nd3 Re8 24. Nde5 Be7 25. Qf5 Bf8 (25... Ra8 $14) 26. Rc2 (26. Bh5 $16 Nxh5 27. Qxf7+ (27. Qxh5 Qe6 $15) 27... Kh7 28. Qxh5) 26... Ra8 $2 {[#]} (26... Qe6 $11 {and Black has nothing to worry.} 27. Qxe6 Rxe6) 27. Rfc1 $2 (27. Bh5 $1 $18 {[%cal Rh5f7]} Nxh5 28. Qxf7+ (28. Qxh5 Qe6 $11) 28... Kh7 29. Qxh5) 27... Bc8 28. Qd3 Be6 29. g4 Rec8 ({Better is} 29... a5 $11) 30. Qd1 Nh7 31. Nd3 Ng5 32. Nf4 Nh7 33. g3 Nf6 34. Nd3 Qd7 {[%cal Rf6g4]} 35. Nde5 Qe8 36. Bg2 Ba3 37. Rb1 Bd6 38. b4 Nh7 39. Rbc1 f6 40. Nd3 Bf7 (40... Ng5 $11) 41. Nf4 $18 {White is clearly better.} Bxf4 42. gxf4 Qd7 43. Qf3 Re8 44. a4 Qd6 45. Rc3 Kh8 {Precision: White = 55%, Black = 30%.} 1/2-1/2

[Event "11th American Continental Women 2018"]
[Site "Envigado"]
[Date "2018.11.17"]
[Round "1.11"]
[White "Franco Valencia, Beatriz Irene"]
[Black "Moncada Correa, Sara"]
[Result "1-0"]
[WhiteElo "2191"]
[BlackElo "1792"]
[Annotator "TA"]
[PlyCount "79"]
[EventDate "2018.11.17"]
[EventType "swiss"]
[EventRounds "9"]
[EventCountry "COL"]
[SourceTitle "playchess.com"]
[Source "ChessBase"]
[SourceQuality "1"]

{[%evp 15,79,-18,0,-29,-29,-29,-18,-17,0,0,15,16,16,11,18,0,0,-6,1,-7,-11,-27,-6,-33,0,-26,11,6,70,68,53,47,44,51,77,20,75,24,38,23,26,27,36,29,31,18,35,27,47,37,53,40,106,110,99,37,94,94,98,102,904,896,889,882,1904,1550]} 1. d4 d5 2. Nf3 Nf6 3. e3 Bf5 4. c4 c6 5. Qb3 Qc7 6. Nc3 e6 7. Be2 Be7 8. O-O Nbd7 9. Bd2 {D12: Slav Defence: 3 Nf3 Nf6 4 e3 Bf5} O-O 10. Rfc1 dxc4 $146 ({Predecessor:} 10... Rac8 11. h3 h6 12. a4 dxc4 13. Bxc4 Ne4 14. Be1 c5 15. d5 Nxc3 16. Bxc3 exd5 17. Bxd5 {½-½ (64) Kaspi,A (2438)-Reshef,O (2275) Jerusalem 2014}) 11. Bxc4 {The position is equal.} Nb6 12. Be2 Ne4 13. Nxe4 Bxe4 14. Ba5 Bd5 15. Qc2 f5 $1 16. h3 Bd6 17. Nd2 Qe7 18. Bf3 Nd7 19. Bc3 Kh8 20. a3 Bxf3 21. Nxf3 e5 ({Black should try} 21... Nf6 $11) 22. dxe5 $14 Nxe5 23. Nd4 Qf7 24. Rd1 {Strongly threatening Nxf5.} Rad8 25. Ne2 ({Better is} 25. Bb4 $16) 25... Bc7 (25... Ng6 $11) 26. Nf4 (26. Ng3 $16) 26... Rfe8 27. Rd4 Rxd4 28. Bxd4 Bb8 29. Qc3 Kg8 30. b4 h6 31. a4 g5 32. Nd3 Nxd3 33. Qxd3 Be5 (33... Qd5 $14) 34. Bxe5 $16 Rxe5 {[%mdl 4096] Endgame KQR-KQR} 35. Qd4 (35. Qd6 $16 Qg7 36. Rd1) 35... Re4 (35... Qg7 $1 $14) 36. Qxa7 Rxb4 37. Rd1 Qc7 $2 {[%mdl 8192]} (37... Re4 $16) 38. Qa8+ $18 {White is clearly winning.} ({Not} 38. Qc5 Rxa4 39. Qxf5 Ra8 $18) 38... Kg7 39. Qe8 {[#] Black must now prevent Rd7+.} Kf6 40. Qf8+ {[%mdl 64] Double Attack. Accuracy: White = 39%, Black = 18%.} 1-0

[Event "11th American Continental Women 2018"]
[Site "Envigado"]
[Date "2018.11.17"]
[Round "1.12"]
[White "Ocampo, Cristina"]
[Black "Rivera, Ingris"]
[Result "0-1"]
[WhiteElo "1771"]
[BlackElo "2188"]
[Annotator "TA"]
[PlyCount "68"]
[EventDate "2018.11.17"]
[EventType "swiss"]
[EventRounds "9"]
[EventCountry "COL"]
[SourceTitle "playchess.com"]
[Source "ChessBase"]
[SourceQuality "1"]

{[%evp 14,68,26,32,72,76,62,31,40,39,45,51,90,82,66,26,25,35,64,0,0,0,0,0,-2,-39,-34,-78,-73,-78,-74,-68,-63,-62,-47,-64,-39,-87,-82,-93,-79,-89,-85,-218,-220,-223,-210,-197,-204,-419,-460,-475,-447,-1164,-1162,-1258,-1218]} 1. e4 c5 2. Nf3 d6 3. d4 cxd4 4. Nxd4 Nf6 5. Nc3 a6 6. a4 e5 7. Nf3 Be6 8. Ng5 {LiveBook: 7 Games. B90: Sicilian Najdorf: Unusual White 6th moves, 6 Be3 Ng4 and 6 Be3 e5} (8. Be2 h6 9. O-O Nbd7 10. Nh4 Rc8 11. Bf3 g6 12. g3 Qc7 13. a5 Bg7 14. Be3 Qb8 15. Qd2 Rc6 {1-0 (42) Zelcic,R (2559)-Loncar,R (2358) Zagreb 2014}) 8... Be7 9. Nxe6 fxe6 10. Bc4 {White is slightly better.} Qc8 11. Bb3 Nc6 {[%cal Bb8c6,Bc6a5,Ba5c4][%mdl 32]} 12. Be3 $146 ({Predecessor:} 12. O-O Na5 13. Ba2 O-O 14. Qd3 Kh8 15. Be3 Nc6 {½-½ (29) Masserey,Y (2336)-Dubeck,M (2208) Switzerland 2004}) 12... Na5 13. Ba2 $1 Nc4 14. Bc1 Qc6 15. Qd3 Rc8 {[#]} 16. O-O (16. a5 $1 $14 {[%mdl 512]}) 16... O-O $11 17. Qh3 d5 18. Bxc4 dxc4 19. Bg5 Bc5 20. Be3 Bd4 21. Bg5 Rc7 22. Rae1 Rcf7 {White must now prevent ...Ng4!} 23. Re2 Nd7 24. Nd1 h6 25. Bh4 Re8 26. c3 Bb6 27. Bg3 Qxa4 28. Ne3 {[#]} (28. Kh1 $17) 28... Bxe3 $1 $19 29. Rxe3 {[#]} Qc2 $1 30. Qh5 Qxb2 31. Bxe5 $2 (31. h3 {was worth a try.}) 31... Qb5 32. f4 {Black is clearly winning.} Ref8 33. Rd1 (33. Ref3 $142 Qc5+ 34. Kh1) 33... Rxf4 34. Bxf4 Qxh5 {Accuracy: White = 41%, Black = 73%.} 0-1

[Event "11th American Continental Women 2018"]
[Site "Envigado"]
[Date "2018.11.17"]
[Round "1.13"]
[White "Roca Rojas, Ana Flavia"]
[Black "Zapata, Olga Maria"]
[Result "1-0"]
[WhiteElo "2132"]
[BlackElo "1695"]
[Annotator "TA"]
[PlyCount "56"]
[EventDate "2018.11.17"]
[EventType "swiss"]
[EventRounds "9"]
[EventCountry "COL"]
[SourceTitle "playchess.com"]
[Source "ChessBase"]
[SourceQuality "1"]

{[%evp 19,56,36,37,34,86,75,81,23,82,75,52,25,246,129,169,186,235,231,433,210,209,210,581,609,581,598,725,517,828,797,1984,734,29993,29989,29994,1450,833,435,29998]} 1. e4 d5 2. exd5 Qxd5 3. Nc3 Qa5 4. d4 c6 5. Nf3 Bf5 6. Bc4 e6 7. Bd2 Nf6 8. Nd5 Qd8 9. Nxf6+ Qxf6 10. Qe2 Bg4 11. O-O-O {[%cal Be1c1,Bc1b1,Bb1a1][%mdl 32] B01: Scandinavian Defence} Bxf3 ({Black should try} 11... Be7 $14) (11... Nd7 12. d5 Ba3 13. c3 cxd5 14. Bxd5 O-O 15. Be4 Be7 16. h3 Bxf3 17. Qxf3 Nc5 18. Qxf6 Bxf6 {1-0 (51) Alekseev,E (2682)-Ghaem Maghami,E (2573) Baku 2012}) 12. gxf3 $16 Nd7 13. h4 (13. d5 $16 {[%cal Rd5e6]} Ba3 14. c3 cxd5 15. Bxd5) 13... h6 $146 (13... Bd6 $11 {keeps the balance.}) ({Predecessor:} 13... Bd6 14. Kb1 Qe7 15. Rhg1 Rg8 16. Ba5 Nf6 17. Rd3 Bb4 18. Bxb4 Qxb4 {0-1 (98) Antonio,R (2519)-Dableo,R (2432) Dapitan 2009}) 14. Kb1 Nb6 15. d5 {Black must now prevent Bc3.} Na4 $2 (15... Nxc4 $11 {and Black has nothing to worry.} 16. Qxc4 Qxf3) 16. c3 (16. Bc1 $18) 16... Qf5+ {[#]} 17. Ka1 $1 Qc2 {[%csl Ga4][%cal Rc2b2]} 18. Rb1 Nb6 $2 (18... Ba3 {keeps fighting.} 19. bxa3 {[%mdl 64] Discovered Attack} Nxc3 20. Bxc3 Qxc3+ 21. Rb2 cxd5) 19. Bb3 (19. Bd3 $142 Qa4 20. dxe6) 19... Qf5 $18 20. dxe6 f6 $2 {[#]} (20... O-O-O {is more resistant.} 21. exf7 Nd5) 21. e7 $1 {[%mdl 512]} Bxe7 22. Rhe1 {[%csl Ge1][%cal Re2e7]} Qc5 23. Be3 Qe5 (23... Qb5 $142 24. Qc2 O-O-O 25. Bxb6 {[%mdl 64] Discovered Attack} axb6 26. Rxe7 Qd3 27. Rxg7 Qxc2 28. Bxc2 Rhg8) 24. f4 Qc7 25. Bc5 (25. Bxb6 $142 axb6 26. Rbd1) 25... Nc8 26. Qe6 Rf8 27. Bc2 (27. Rbd1 $142 b5 28. Qg4 Rf7 29. Qg6 {[%mdl 64] Pin} Nd6 30. Rxd6 {[%mdl 64] Remove Defender} Qxd6 31. Qxf7+ {[%mdl 64] Double Attack} Kd7 32. Rxe7+ Qxe7 33. Qxe7+ Kc8 34. Be6+ Kb8 35. Bd6#) 27... Qd7 28. Rbd1 Rf7 {Accuracy: White = 35%, Black = 21%.} (28... Qxe6 $18 29. Rxe6 Kf7) 1-0

[Event "11th American Continental Women 2018"]
[Site "Envigado"]
[Date "2018.11.17"]
[Round "1.14"]
[White "Hoyos Garces, Rosana"]
[Black "Chirivi C, Jenny Astrid"]
[Result "0-1"]
[WhiteElo "1586"]
[BlackElo "2118"]
[Annotator "TA"]
[PlyCount "47"]
[EventDate "2018.11.17"]
[EventType "swiss"]
[EventRounds "9"]
[EventCountry "COL"]
[SourceTitle "playchess.com"]
[Source "ChessBase"]
[SourceQuality "1"]

{[%evp 19,47,-39,-32,-31,-35,-36,-43,-44,-34,-33,-32,-32,-32,-34,-37,-47,-20,-37,-47,-56,-21,-22,-20,-108,-115,-108,-106,-110,-52,-109]} 1. Nf3 d5 2. d4 Nf6 3. c4 e6 4. e3 c5 5. Nc3 a6 6. Bd3 {D40: Queen's Gambit Declined: Semi-Tarrasch with 5 e3} (6. cxd5 exd5 7. Be2 Nc6 8. O-O cxd4 9. Nxd4 Bd6 10. b3 Be5 11. Nxc6 bxc6 12. Bb2 h5 13. f4 Bb8 14. Na4 Ba7 15. Bd4 Bg4 16. Bxg4 hxg4 17. Rc1 {1-0 (68) Mamedyarov,S (2801)-Navara,D (2741) Biel 2018}) 6... dxc4 7. Bxc4 b5 8. Bd3 Bb7 9. O-O Nbd7 {[%cal Bb8d7,Bd7e5,Be5g6][%mdl 32]} 10. Qe2 Be7 {LiveBook: 4 Games} 11. Rd1 Qb6 12. b3 O-O 13. Bb2 cxd4 14. Nxd4 Ne5 $146 ({Predecessor:} 14... Nc5 15. Bc2 Rac8 16. Rac1 {½-½ (31) Krueger,W (1637)-Hobusch,A (1965) Ruhrgebiet 2005}) 15. Bc2 Rac8 16. Rac1 Rc7 17. Nb1 Ng6 18. Nd2 Rfc8 19. Bb1 Nd5 20. Rxc7 Rxc7 21. Rc1 (21. Qh5 $11) 21... Rxc1+ 22. Bxc1 {[#]} Ndf4 $1 {[%mdl 512]} 23. exf4 Qxd4 (23... Nxf4 $17 24. Qe5 Bd6 {[%mdl 64] Decoy}) 24. Qe3 {Accuracy: White = 56%, Black = 61%.} (24. Nf3 $15 Qd5 25. Qd3) 0-1

[Event "11th American Continental Women 2018"]
[Site "Envigado"]
[Date "2018.11.17"]
[Round "1.15"]
[White "Ortiz Verdesoto, Anahi"]
[Black "Caballero Marrugo, Maria Jose"]
[Result "1-0"]
[WhiteElo "2115"]
[BlackElo "1338"]
[Annotator "TA"]
[PlyCount "113"]
[EventDate "2018.11.17"]
[EventType "swiss"]
[EventRounds "9"]
[EventCountry "COL"]
[SourceTitle "playchess.com"]
[Source "ChessBase"]
[SourceQuality "1"]

{[%evp 13,113,22,22,8,35,8,52,31,39,39,45,44,54,39,49,27,29,32,36,48,40,47,75,73,75,75,87,80,106,106,118,115,103,104,158,87,89,104,105,110,116,118,122,90,138,133,129,87,88,88,88,88,105,58,93,68,82,70,102,102,112,112,106,103,205,179,375,375,375,378,350,296,529,518,484,470,491,477,450,391,386,398,811,810,810,810,810,806,785,612,582,588,649,633,618,590,693,686,775,660,648,623]} 1. d4 Nf6 2. c4 e6 3. Nf3 Bb4+ 4. Bd2 Qe7 5. e3 b6 6. Bd3 Bb7 7. O-O Bxd2 {LiveBook: 10 Games. E11: Bogo-Indian} 8. Nfxd2 (8. Nbxd2 c5 9. e4 cxd4 10. e5 Ng4 11. h3 Nh6 12. Nxd4 Nc6 13. Nxc6 Bxc6 14. Ne4 O-O 15. Qh5 Bxe4 16. Bxe4 {½-½ (41) Checa,N (2467)-Mandiza,F (2400) Charlotte 2017}) 8... O-O 9. Nc3 d6 {The position is equal.} 10. Qe2 $146 ({Predecessor:} 10. Re1 c5 11. d5 Nbd7 12. e4 Ne5 13. Bc2 g5 {1-0 (44) Sodomski,A (2250)-Zelenka,P (2106) ICCF email 2015}) 10... Nbd7 11. e4 e5 12. d5 c6 13. dxc6 Bxc6 14. Nd5 Qd8 15. b4 Rc8 16. Rfd1 Re8 17. Qf3 Bxd5 18. cxd5 ({Reject} 18. exd5 e4 $17) 18... Rc3 19. Nb1 {[%cal Bd2b1,Bb1a3,Ba3b5][%mdl 32]} Rc8 20. Na3 {Strongly threatening Nb5.} a5 21. Nb5 Nb8 22. a3 Qe7 23. Qe3 Nfd7 (23... Nbd7 $142) 24. bxa5 (24. Rac1 $142) 24... bxa5 $16 25. Qa7 Qf6 26. Qxa5 Nc5 27. Qe1 Nbd7 28. Bc2 Rb8 29. a4 Rb7 30. Qe2 Ra8 31. Ra3 Na6 32. Rb1 Ndc5 33. Rf3 Qe7 34. Qc4 Nc7 35. Na3 N7a6 36. Rxb7 Qxb7 37. Nb5 $36 {[%mdl 2048] White is in control.} Qb6 38. Rc3 Nc7 (38... h5 $16 {keeps fighting.} 39. Bd1 g6) 39. Nxd6 $1 $18 Qxd6 $2 (39... Nxa4 40. Qxc7 Nxc3 41. Qxb6 Ra1+ 42. Bb1 Rxb1+ 43. Qxb1 Nxb1) 40. Qxc5 Qxc5 41. Rxc5 {[%mdl 4096] Endgame KRB-KRN} Ne8 42. Rc6 Rd8 $2 (42... Kf8 43. g3 Nf6) 43. a5 Kf8 44. Bd3 Ke7 45. a6 Rd7 46. Rb6 Nd6 47. Bb5 Nxb5 $2 (47... Ra7 48. Bd3 f6) 48. Rxb5 {[#] Threatens to win with Rb7. KR-KR. White is clearly winning.} Kd6 49. Rb6+ Kc5 50. Rb7 Rd6 51. Rxf7 Rxa6 {[%cal Ra6a1] [#]} 52. f3 Rg6 53. Rc7+ Kb6 54. Re7 Rg5 55. h4 Rh5 56. Rxg7 Rxh4 57. Rg5 {Precision: White = 71%, Black = 40%.} 1-0

[Event "11th American Continental Women 2018"]
[Site "Envigado"]
[Date "2018.11.18"]
[Round "2.1"]
[White "Llaudy Pupo, Lisandra"]
[Black "Franco Valencia, Beatriz Irene"]
[Result "1-0"]
[WhiteElo "2302"]
[BlackElo "2191"]
[Annotator "TA"]
[PlyCount "111"]
[EventDate "2018.11.17"]
[EventType "swiss"]
[EventRounds "9"]
[EventCountry "COL"]
[SourceTitle "playchess.com"]
[Source "ChessBase"]
[SourceQuality "1"]

{[%evp 16,111,4,4,22,0,25,13,6,8,17,0,8,17,23,25,36,31,144,34,134,122,147,118,154,63,76,92,22,28,86,50,51,18,18,-213,-118,-162,-154,-314,-331,-935,7,-13,53,0,0,-25,45,11,7,11,101,21,30,0,48,40,109,112,141,131,143,138,133,112,295,304,264,231,379,383,1283,273,2219,1993,29977,29977,29981,29982,29988,29989,29987,12821,5926,1924,29988,29989,29987,29988,29988,29989,29990,29991,29988,29989,29996,29997]} 1. e4 c6 2. Nf3 d5 3. exd5 cxd5 4. Ne5 (4. d4 Nc6 5. Ne5 e6 6. Bb5 Bd7 7. Nxd7 Qxd7 8. c3 Nf6 9. O-O Bd6 10. Nd2 Qc7 11. g3 O-O 12. Bd3 Rab8 {1-0 (50) Bauer,C (2629)-Berkes,F (2678) Batumi 2018}) 4... Nf6 5. d4 g6 6. c3 {B10: Caro-Kann: 2 d3 and 2 c4} Bg7 7. Bd3 O-O 8. O-O Nc6 9. f4 {LiveBook: 6 Games} Nd7 {[%cal Rd7e5]} 10. Nf3 a6 $146 ({Predecessor:} 10... Nf6 11. Nbd2 Nh5 12. Ne5 Nxe5 13. dxe5 Bh6 14. Nb3 Ng7 15. g4 {1-0 (28) Cvetanovic,U (2232)-Ratkovic,M (2132) Paracin 2011}) 11. a4 Qc7 12. Qe1 Nf6 13. Qh4 Na5 14. Nbd2 Nc4 15. Nxc4 dxc4 16. Bc2 Be6 {[#]} (16... e6 $14) 17. Ne5 (17. f5 $1 $16 {[%cal Rf5e6][%mdl 512]} Bxf5 18. Bxf5 gxf5 19. Bh6) 17... Bd5 (17... Bf5 $1 $14 18. Bxf5 gxf5) 18. f5 $16 b5 19. Rf2 b4 20. cxb4 (20. Bg5 $16) 20... c3 $1 $14 21. Ra3 cxb2 22. Bxb2 Qb7 (22... Rac8 $1 $11) 23. fxg6 fxg6 24. Rh3 {Rxf6 is the strong threat.} Nh5 {aiming for ...Rxf2.} 25. Bc3 $2 (25. Bb3 $11 {and White has nothing to worry.}) 25... Rxf2 (25... Bxe5 $19 26. dxe5 Rxf2 27. Qxf2 Rf8) 26. Qxf2 $17 Rf8 27. Qd2 $2 (27. Rf3 $17 Bxf3 28. Nxf3) 27... Nf4 $19 28. Rh4 $2 (28. Rg3 Bxg2 29. Bb3+ Bd5 30. Bd1) 28... Ne6 $2 (28... Bxe5 $1 $19 29. b5 Nxg2) 29. h3 Qc7 (29... Bxe5 $1 $11 30. dxe5 Bxg2 $1 {[%mdl 512]} 31. Qxg2 Qb6+ 32. Kh1 Rf2) 30. Rg4 ({White should play} 30. Be4 $14 Bxe5 31. dxe5 Bxe4 32. Rxe4) 30... Rc8 $11 31. Rg3 Rf8 ({Better is} 31... Nxd4 $11 32. Qxd4 Qxe5 33. Qxe5 Bxe5 34. Bxe5 Rxc2) 32. Bb1 Nf4 33. Ba2 Qb7 {[#]} (33... e6 $11 {remains equal.}) 34. Bxd5+ (34. Rf3 $1 $16 {[%cal Rf3f4]} Bxa2 35. Qxa2+ (35. Rxf4 Rxf4 36. Qxf4 Bd5 $14) 35... e6 36. Nd3) 34... Nxd5 35. Rf3 (35. Kh2 {seems wilder.} Rf4 36. Nd3 Rf5 37. Nc5 Qb6 38. Qd3) 35... Rxf3 (35... Bxe5 $5 36. Rxf8+ (36. dxe5 Rxf3 37. gxf3 e6 $11) 36... Kxf8 37. dxe5 Kf7 $14) 36. Nxf3 Qc6 (36... Kf8 $14) 37. Qa2 $16 e6 38. Bd2 Bf8 39. Qb3 Bd6 40. Ng5 Bc7 $2 (40... Bxb4 $16 41. Qf3 (41. Bxb4 Qc1+ 42. Be1 Qxe1+ 43. Kh2 Qe3 $16) 41... Qd7 42. Bxb4 Nxb4) 41. Qf3 $18 {White wants to mate with Qf7+.} Qd7 42. Qe4 e5 (42... Bd6 $142 43. b5 (43. Nxe6 Qxa4 44. Nc5 Qd1+ 45. Qe1 Qxe1+ 46. Bxe1 Bxc5 $16) (43. Qxe6+ Qxe6 44. Nxe6 Bxb4 $16) 43... axb5) 43. dxe5 {[%cal Bd4e5,Be5e6][%mdl 32]} Nb6 $2 (43... Bb6+ 44. Kh1 Ne7) 44. Nf3 $2 (44. e6 Qe7 45. Nf7) 44... Nxa4 $2 (44... Qd5 45. Qe1 Nc4) 45. e6 Qe8 46. Bh6 Bb6+ 47. Kh1 Qe7 48. Bg5 Nc3 49. Qa8+ ({Not} 49. Bxe7 Nxe4 50. g4 Bc7 $16) (49. Qc6 $142 Ne2 50. Qxb6 (50. Bxe7 Ng3+ 51. Kh2 Nf1+ 52. Kh1 Ng3+ 53. Kh2 Nf1+ 54. Kh1 Ng3+ $11) 50... Qe8 51. e7 Ng3+ 52. Kh2 Nf5 53. Qd8 Kf7 54. Ne5+ Ke6 55. Qxe8) 49... Qf8 50. Qb7 (50. Qc6 $142 Ne2 51. Qxb6 Ng3+ 52. Kg1) 50... Bf2 51. e7 {White mates.} Qe8 52. Qxa6 h6 53. Bf6 Nb5 54. Qe6+ Kh7 55. Be5 Ba7 56. Qf6 {Precision: White = 37%, Black = 30%.} 1-0

[Event "11th American Continental Women 2018"]
[Site "Envigado"]
[Date "2018.11.18"]
[Round "2.2"]
[White "Rodriguez Rueda, Paula Andrea"]
[Black "Rivera, Ingris"]
[Result "0-1"]
[WhiteElo "2275"]
[BlackElo "2188"]
[Annotator "TA"]
[PlyCount "104"]
[EventDate "2018.11.17"]
[EventType "swiss"]
[EventRounds "9"]
[EventCountry "COL"]
[SourceTitle "playchess.com"]
[Source "ChessBase"]
[SourceQuality "1"]

{[%evp 20,104,-16,-25,-26,-39,-36,-22,0,-2,31,-19,-15,-15,-18,-50,-48,-60,-6,-46,-7,-297,-306,-306,-323,-318,-312,-297,-308,-326,-320,-325,-323,-325,-318,-300,-310,-280,-208,-302,-255,-275,0,-419,-407,-393,-231,-222,-223,-232,-228,-223,-213,-228,-215,-434,-254,-255,-255,-255,-249,-268,-250,-276,-260,-366,-364,-354,-282,-535,-268,-6642,-6576,-29972,-29974,-29973,-29975,-29975,-29976,-29976,-29976,-29977,-29977,-29980,-29981,-29981,-29982]} 1. d4 Nf6 2. c4 c5 3. e3 cxd4 4. exd4 d5 5. Nc3 e6 6. Nf3 Nc6 7. Be2 Be7 8. O-O O-O 9. Re1 {B14: Caro-Kann: Panov-Botvinnik Attack with 5...e6 and 5...g6} a6 10. Bf4 dxc4 11. Bxc4 {LiveBook: 4 Games. The position is equal.} b5 12. Bd3 (12. Bb3 Na5 13. Bc2 Bb7 14. Ne5 Rc8 15. Bg5 Nc4 16. Qd3 Nxb2 17. Qh3 g6 18. Bb3 Nc4 19. Bh6 Qxd4 20. Rad1 {½-½ (23) Zvjaginsev,V (2660)-Svidler,P (2734) Sochi 2015}) 12... Bb7 13. Rc1 Qa5 $146 ({Predecessor:} 13... Rc8 14. Bb1 Re8 15. Ne4 Nb4 16. Rxc8 Bxc8 17. Ne5 g6 18. a3 Nbd5 19. Nc6 Qd7 20. Nxe7+ Qxe7 {0-1 (47) Perez,M (1982)-Balzano,I Villa Ballester 2005}) 14. a3 b4 15. axb4 Nxb4 16. Bb1 Rfd8 17. Be5 Rac8 18. Ng5 g6 ({Black should play} 18... h6 $15 19. Nf3 Qb6) 19. Qe2 Nc6 20. Nxf7 $2 {[%mdl 8192]} (20. Nxe6 $1 $11 fxe6 21. Ba2 Nxe5 22. Bxe6+ {[%mdl 64] Double Attack} Kg7 23. Bxc8 Rxc8 24. Qxe5 Qxe5 25. dxe5) 20... Kxf7 $19 21. Bxf6 Bxf6 22. Qxe6+ Kg7 23. Ba2 {Qf7+ is the strong threat.} Bxd4 24. Qf7+ Kh8 25. Qxb7 Rc7 26. Qb3 {[#]} Bxf2+ $1 {[%mdl 576] Double Attack} 27. Kh1 (27. Kxf2 Qc5+) 27... Bxe1 28. Rxe1 Qf5 29. Ne4 (29. Qb6 $142 Rf8 30. Rg1 (30. Qxc7 $2 {leads to mate.} Qf1+ {[%mdl 64] Back Rank} 31. Rxf1 Rxf1#)) 29... Ne5 30. Qb6 Rcd7 $2 (30... Rdc8 $19 31. Nc3 Rc5) 31. Bb3 $2 {[%mdl 8192]} (31. Be6 $11 {and White has nothing to worry.} Rd1 32. Qxd8+ $1 {[%mdl 512]} Rxd8 33. Bxf5) 31... Nd3 32. Be6 Qb5 (32... Qf8 $142 33. Bxd7 Nxe1) 33. Qxb5 axb5 34. Bxd7 Nxe1 35. Bxb5 {[%mdl 4096] Endgame KRN-KBN} Rd4 36. Nc3 Rb4 37. h3 $2 {[#]} (37. Bf1) 37... Rxb2 (37... Nxg2 $142 $1 {[%mdl 512] Strongly threatening ...Nf4.} 38. Kxg2 Rxb2+ 39. Kf3 Rb3) 38. Bf1 Nc2 39. Nd5 Kg7 40. Bd3 Nd4 41. Kg1 Rd2 42. Be4 (42. Ba6 $142) 42... Ne2+ 43. Kh2 h5 44. Ne7 $2 (44. Ne3 {was necessary.}) 44... Rd6 45. Nxg6 $2 (45. Nd5) 45... Rxg6 46. Bxg6 Kxg6 {KN-KPP. Black mates.} 47. g3 Kf6 48. Kg2 Ke5 49. Kf2 Nd4 50. Kg2 Ne6 51. h4 Kf5 52. Kf3 Ng7 {Accuracy: White = 32%, Black = 60%.} 0-1

[Event "11th American Continental Women 2018"]
[Site "Envigado"]
[Date "2018.11.18"]
[Round "2.3"]
[White "Chirivi C, Jenny Astrid"]
[Black "Arribas Robaina, Maritza"]
[Result "1/2-1/2"]
[WhiteElo "2118"]
[BlackElo "2257"]
[Annotator "TA"]
[PlyCount "63"]
[EventDate "2018.11.17"]
[EventType "swiss"]
[EventRounds "9"]
[EventCountry "COL"]
[SourceTitle "playchess.com"]
[Source "ChessBase"]
[SourceQuality "1"]

{[%evp 12,63,-6,-8,0,3,8,7,12,0,14,20,19,0,1,0,0,-18,28,0,23,0,30,22,25,22,27,23,26,27,37,31,25,20,17,5,28,5,14,19,42,0,0,0,4,0,0,-20,-16,-43,0,0,0,0]} 1. c4 e5 2. Nc3 Nc6 3. Nf3 g6 4. g3 Bg7 5. Bg2 Nge7 6. O-O O-O 7. d3 Nd4 {A25: English Opening vs King's Indian with ...Nc6 but without early d3} (7... d6 8. Rb1 a5 9. b3 h6 10. Bb2 Be6 11. e3 d5 12. cxd5 Nxd5 13. Ne4 b6 14. Rc1 Ndb4 15. a3 Nxd3 16. Rxc6 Nxb2 {1-0 (65) Artemiev,V (2682)-Predke,A (2566) Sochi 2017}) 8. e3 Nxf3+ 9. Bxf3 $146 ({Predecessor:} 9. Qxf3 Rb8 10. Qe2 b6 11. Bd2 Bb7 12. Nd5 c6 13. Nxe7+ Qxe7 14. Bc3 d5 15. b3 Rbd8 16. Rae1 Rfe8 17. e4 {½-½ (17) Thorsteinsson,T (2332)-Westerinen,H (2412) Reykjavik 2002}) 9... c6 10. d4 d6 11. dxe5 dxe5 12. Qe2 Nf5 13. Ne4 Qe7 14. b3 Rd8 15. Bb2 Be6 16. Rfd1 Rxd1+ 17. Rxd1 Rd8 18. Rd2 b6 19. Qd1 Rxd2 20. Qxd2 Qd7 21. Qxd7 Bxd7 22. Kf1 f6 23. Ba3 Kf7 24. h4 h5 25. Ke2 Ne7 26. Kd2 c5 27. Nc3 Bc6 28. Bxc6 Nxc6 29. Nd5 e4 30. Bb2 f5 31. Bxg7 Kxg7 32. Ke2 {Accuracy: White = 39%, Black = 53%.} 1/2-1/2